[Event "Mallorca-chT Preferente"]
[Site "Mallorca"]
[Date "2016.03.12"]
[Round "5.4"]
[White "Tegtmeyer, Tim Niko"]
[Black "Mascaro Pastor, Miguel"]
[Result "1-0"]
[WhiteElo "1875"]
[BlackElo "1846"]
[PlyCount "89"]
[EventDate "2016.03.01"]
[EventType "team-tourn"]
[EventRounds "9"]
[EventCountry "ESP"]
[SourceTitle "EXT 2024"]
[Source "ChessBase"]
[SourceDate "2023.10.10"]
[SourceVersion "1"]
[SourceVersionDate "2023.10.10"]
[SourceQuality "1"]
[WhiteTeam "Blau Escacs Calvia"]
[BlackTeam "Maria Salut"]
[WhiteTeamCountry "ESP"]
[BlackTeamCountry "ESP"]

1. e4 e6 2. d4 d5 3. exd5 exd5 4. Nf3 Nf6 5. Be2 c5 6. dxc5 Bxc5 7. 0-0 0-0 8. Bg5 Be6 9. Nc3 Be7 10. Nd4 Nbd7 11. Rc1 Nc5 12. Bf3 Qb6 13. Rb1 Rae8 14. Be3 Qd8 15. b4 Na6 16. a3 Nc7 17. Qe2 a6 18. a4 Bc8 19. b5 Bc5 20. Qd3 b6 21. Bg5 Qd6 22. Nce2 Nd7 23. Nc6 f6 24. Bf4 Ne5 25. Qd2 Kh8 26. Ncd4 g5 27. Bxe5 Rxe5 28. Nc6 Ree8 29. Bh5 Re4 30. Nc3 Rh4 31. Bf3 g4 32. g3 Rh3 33. Bg2 Rh5 34. Ne2 axb5 35. Nf4 Rf5 36. Nd4 Re5 37. axb5 Rfe8 38. Nc6 Nxb5 39. Nxe5 fxe5 40. Rxb5 Bd7 41. Rxc5 Qxc5 42. Nxd5 Bf5 43. Ne3 Bc8 44. Qd5 Qc3 45. Rd1 1-0

[Event "Mallorca-chT Preferente"]
[Site "Mallorca"]
[Date "2016.03.09"]
[Round "4.5"]
[White "Tegtmeyer, Tim Niko"]
[Black "Fiol Company, Juan"]
[Result "1-0"]
[WhiteElo "1875"]
[BlackElo "1984"]
[PlyCount "81"]
[EventDate "2016.03.01"]
[EventType "team-tourn"]
[EventRounds "9"]
[EventCountry "ESP"]
[SourceTitle "EXT 2024"]
[Source "ChessBase"]
[SourceDate "2023.10.10"]
[SourceVersion "1"]
[SourceVersionDate "2023.10.10"]
[SourceQuality "1"]
[WhiteTeam "Blau Escacs Calvia"]
[BlackTeam "Sa Creu Petra"]
[WhiteTeamCountry "ESP"]
[BlackTeamCountry "ESP"]

1. e4 c5 2. Nf3 d6 3. Bb5+ Bd7 4. Bxd7+ Qxd7 5. 0-0 Nc6 6. d4 cxd4 7. Nxd4 Nf6 8. Re1 e6 9. c4 Be7 10. b3 0-0 11. Bb2 Rfd8 12. Qe2 e5 13. Nf3 Qg4 14. h3 Qh5 15. Nc3 g5 16. Nd1 g4 17. hxg4 Nxg4 18. Ne3 Kh8 19. Nxg4 Qxg4 20. Nxe5 Qxe2 21. Nxf7+ Kg8 22. Nh6+ Kf8 23. Rxe2 Bg5 24. Nf5 Kf7 25. Rd1 Ke6 26. g3 Rd7 27. f4 Bd8 28. Red2 Bb6+ 29. Kg2 Rad8 30. Ba3 Bc7 31. Nd4+ Nxd4 32. Rxd4 Rg8 33. Rd5 a6 34. Rh1 Rdg7 35. Rh3 b6 36. Kf3 Rb8 37. Rh6+ Ke7 38. Rhxd6 Ke8 39. Re6+ Kf7 40. Re7+ Kg8 41. Rxg7+ 1-0